LEADER 01168nam a22002894i 4500 001 991002745949707536 008 150505s2006 it a d 000 0dita d 020 $a8817006491 035 $ab14226029-39ule_inst 040 $aBibl. Interfacoltà T. Pellegrino$bita 082 04$a780.43 100 1 $aMioli, Piero$0322374 245 10$aDizionario di musica classica :$bdalle origini a oggi: gli autori, le scuole, gli esecutori, le musiche /$cPiero Mioli 250 $a2. ed. 260 $aMilano :$bBUR,$c2012 300 $a2 v. (2072 p.) :$bill. ;$c18 cm. 440 0$aBUR.$pDizionari 500 $aIn cofanetto 505 0 $av. 1. A-L -- v. 2. M-Z. 650 4$aMusica classica$vEnciclopedie e dizionari 907 $a.b14226029$b05-05-15$c05-05-15 912 $a991002745949707536 945 $aLE002 SB 780.43 PIO$cv. 1$g1$i2002001049895$lle002$op$pE13.00$q-$rn$so $t0$u0$v0$w0$x0$y.i15670958$z05-05-15 945 $aLE002 SB 780.43 PIO$cv. 2$g1$i2002001049901$lle002$op$pE13.00$q-$rn$so $t0$u0$v0$w0$x0$y.i1567096x$z05-05-15 996 $aDizionario di musica classica$9256701 997 $aUNISALENTO 998 $ale002$b05-05-15$cm$da $e $fita$git $h0$i0 LEADER 01789nam2 2200397 i 450 001 BVE0043205 005 20231121125413.0 010 $a8808117669 020 $aIT$b95-8806 100 $a19970903d1991 ||||0itac50 ba 101 | $alat$aita 102 $ait 181 1$6z01$ai $bxxxe 182 1$6z01$an 200 1 $aLibro 11.$fAulo Gellio 210 $aBologna$cZanichelli$d1991 215 $aXVI, 156 p.$d20 cm. 461 1$1001CFI0017301$12001 $a˜Le œnotti attiche$fAulo Gellio$gintroduzione, testo latino, traduzione e note di Franco Cavazza$v11 700 1$aGellius$b, Aulus$c $3CFIV012860$4070$0172352 790 1$aGellio$b, Aulo$3CFIV197099$zGellius, Aulus 790 0$aAulu-Gelle$3SBNV037515$zGellius, Aulus 790 1$aGelle$b, Aulu$3SBNV037516$zGellius, Aulus 790 1$aGelius$b, Aulus$3SBNV066483$zGellius, Aulus 790 1$aGelio$b, Aulo$3SBNV066484$zGellius, Aulus 790 0$aAulugelle$3SBNV066489$zGellius, Aulus 801 3$aIT$bIT-01$c19970903 850 $aIT-RM0290 $aIT-RM0285 $aIT-RM0211 $aIT-FR0017 899 $aBIBLIOTECA ANGELICA$bRM0290 899 $aBiblioteca Dell'Istituto Nazionale Di Studi Romani$bRM0285 899 $aFondazione Marco Besso$bRM0211 899 $aBiblioteca umanistica Giorgio Aprea$bFR0017 912 $aBVE0043205 950 2$aBiblioteca umanistica Giorgio Aprea$d 52MAG 1 COLL C 107$e 52FLS0000267455 VMN RS $fA $h20161026$i20161026 977 $a 06$a 13$a 14$a 52 996 $aLibro 11$93603353 997 $aUNICAS